Klíčenie ; Polnoc

Bibliographic Details
Main Author: Utassy, József, 1941-2010 (Author)
Other Authors: Kondrót, Vojtech, 1940-2003 (Translator)
Format: Article
Language:Slovak
Hungarian
ISSN:0862-5999
Subjects:

MARC

LEADER 00000nab a2200000 a 4500
001 vtls000652180
003 SK-MaSNL
005 20260304021249.0
008 140422c1998 xo 0 slo
015 |a SNBRB1998/03-06121 
035 |a CLN000004374 
040 |a SNKBUCL  |b slo  |c SNKBUCL  |e AACR2 
041 1 |a slo  |h hun 
044 |a xo  |c SK 
080 |a 894.511-1  |2 1997 
100 1 |a Utassy, József,  |d 1941-2010  |4 aut  |9 892634 
245 1 0 |a Klíčenie ; Polnoc  |c József Utassy ; preložil Vojtech Kondrót 
500 |a Úvodná pozn. V.K. 
655 7 |a maďarská poézia  |2 snkbucl  |9 70602 
655 7 |a články z novín a časopisov  |2 snkbucl  |9 267496 
700 1 |a Kondrót, Vojtech,  |d 1940-2003  |4 trl  |9 109792 
773 0 |t Literárny týždenník  |g Roč. 11, č. 11 (1998), s. 8  |x 0862-5999 
850 |a Slovenská národná knižnica v Martine 
852 |a SNK  |b KIS3GCP 
958 |a LX 
958 |a HU 
992 |a RBX 
999 |c 2604721  |d 2606651